00533nam a2200169Ia 4500008004000000082001300040100002100053245005800074250000500132260004100137300001200178650001600190690001100206906001100217999001700228952011800245210210b1978 xxu||||| |||| 00| 0 eng d a581 VASB aVASHISHTA (B R). aBotany for degree students: Part III Bryophyta. Ed 5. a aNew DelhibS. Chand & Co. Ltd.c1978 avii,392 aBryophyta  aBotany a033666 c84471d84471 001040708BiologyaALbALcBiologyd2021-02-17g12.50l0o581 VASBp033666r2021-02-17 00:00:00w2021-02-17yBK